| 000 | 00484nam a2200181Ia 4500 | ||
|---|---|---|---|
| 003 | LK-CoDNM | ||
| 008 | 010623t1897 xxu||||| |||| 00| 1 eng d | ||
| 040 |
_aLK-CoDNM _dLK-CoDNM _eLK-CoDNM |
||
| 041 | _aeng | ||
| 080 | _a14 D 2 | ||
| 100 |
_aCoates,Scott.J. _eed. Van Cuylenburg,H.R.H. _eed. |
||
| 245 | _aThe Ceylon Review | ||
| 260 |
_bCeylon Independent Press _aColombo _c1897 |
||
| 300 | _b87p,ill., 24 cm | ||
| 650 | _aNorth -Western Province | ||
| 650 | _asport | ||
| 942 | _cBK | ||
| 999 |
_c84457 _d84457 |
||